Statystyki dla 15 najbardziej dotkniętych krajów Covid-19 - 4 maja

Kliknij tutaj aby rozwiązać quiz!

Ogólne statystyki

  • Ten quiz został rozwiązany 52 razy
  • Średni wynik to 15 z 24

Statystyki odpowiedzi

kraj% Poprawnych
Chiny
100%
Stany Zjednoczone
98%
Niemcy
96%
Francja
92%
Hiszpania
92%
Włochy
92%
Rosja
88%
Brazylia
82%
Kanada
80%
Indie
76%
Wielka Brytania
76%
Portugalia
65%
Szwecja
57%
Holandia
53%
Iran
53%
Belgia
51%
Belgia
51%
Turcja
47%
Szwajcaria
35%
Irlandia
31%
Katar
14%
Singapur
14%
Peru
10%
Bahrajn
8%

Rozkład punktacji

Percentyl według liczby udzielonych odpowiedzi

Procent ludzi z każdym wynikiem

Twoja historia wyników

Nie rozwiązałeś tego quizu